00337nam a22001097a 4500003000400000082001800004100001800022245012200040260002500162300000700187653003300194SGT a617.525bC26Y aYadav, Deepak aComparative evaluation of mandibular angle fracture fixation using strut plate, angle plate and 4 hole with gap plate aGurugrambSGTUc2026 a80 aOral & Maxillofacial Surgery